ბათუმის შოთა რუსთაველის სახელმწიფო უნივერსიტეტის ბიბლიოთეკა

Laboratory Manual for Anatomy and Physiology / (ბიბ.ჩანაწერი № 50412)

000 -LEADER
fixed length control field 00789cam a2200229 i 4500
001 - CONTROL NUMBER
control field 16547156
005 - DATE AND TIME OF LATEST TRANSACTION
control field 20221114150435.0
008 - FIXED-LENGTH DATA ELEMENTS--GENERAL INFORMATION
fixed length control field 101119t20112011njua 001 0 eng
020 ## - INTERNATIONAL STANDARD BOOK NUMBER
International Standard Book Number 9780470598900x
041 ## - LANGUAGE CODE
Language code of text/sound track or separate title eng
080 ## - UNIVERSAL DECIMAL CLASSIFICATION NUMBER
Universal Decimal Classification number 611(075.8) A-38
100 1# - MAIN ENTRY--PERSONAL NAME
Personal name Allen, Connie
Dates associated with a name
9 (RLIN) 7394
245 10 - TITLE STATEMENT
Title Laboratory Manual for Anatomy and Physiology /
Statement of responsibility, etc. Connie Allen, Valerie Harper.
250 ## - EDITION STATEMENT
Edition statement Fourth Edition.
264 ## - PRODUCTION, PUBLICATION, DISTRIBUTION, MANUFACTURE, AND COPYRIGHT NOTICE
Place of production, publication, distribution, manufacture Hoboken, NJ :
Name of producer, publisher, distributor, manufacturer Wiley,
Date of production, publication, distribution, manufacture, or copyright notice [2011], ©2011.
300 ## - PHYSICAL DESCRIPTION
Extent xiii, 738 pages :
Other physical details illustrations ;
Dimensions 28 cm
653 ## - INDEX TERM--UNCONTROLLED
keyword ანატომია
653 ## - INDEX TERM--UNCONTROLLED
keyword ფიზიოლოგია
653 ## - INDEX TERM--UNCONTROLLED
keyword ლაბორატორიული სახელმძღვანელო
700 1# - ADDED ENTRY--PERSONAL NAME
Personal name Harper, Valerie
Relator term ავტორი
9 (RLIN) 7398
942 ## - ADDED ENTRY ELEMENTS (KOHA)
Source of classification or shelving scheme
Koha item type წიგნი
ეგზემპლარები
Withdrawn status Lost status Source of classification or shelving scheme Damaged status Not for loan Permanent Location Current Location Shelving location Date acquired Cost, normal purchase price Full call number Barcode Date last seen Copy number Price effective from Koha item type Public note
          ბათუმის შოთა რუსთაველის სახელმწიფო უნივერსიტეტის მთავარი ბიბლიოთეკა ბათუმის შოთა რუსთაველის სახელმწიფო უნივერსიტეტის მთავარი ბიბლიოთეკა წიგნსაცავი 2018-12-17 250.00 611(075.8) A-38 695 2018-12-17 695 2018-12-17 წიგნი 250 ლ.